Cani randagi /

Đã lưu trong:
Chi tiết về thư mục
Tác giả chính: Paterlini, Roberto (Tác giả)
Định dạng: Sách
Ngôn ngữ:Tiếng Italy
Được phát hành: Roma : Rai Eri, 2012
Loạt:Cinema e fiction
Các nhãn: Thêm thẻ
Không có thẻ, Là người đầu tiên thẻ bản ghi này!

MARC

LEADER 00000nam a22000007i 4500
001 IT\ICCU\RMB\0781529
003 ItRI
005 20260214154209.0
008 121219s2012 it |||||| |||||1|||||c
020 |a 9788839715890 
020 |a 9788839715944 
040 |b ita  |c Arcigay Viterbo 
041 7 |a ita  |2 ISO-639-2 
082 |a 853.92  |2 21 
100 1 |a Paterlini, Roberto  |0 IT\ICCU\UBOV\382618  |4 aut 
240 1 0 |a Cani randagi  |9 Paterlini, Roberto 
245 1 0 |a Cani randagi /  |c Roberto Paterlini. 
260 |a Roma :  |b Rai Eri,  |c 2012 
300 |a 303 p. ;  |c 22 cm 
830 0 |a Cinema e fiction  |0 IT\ICCU\RMB\0781532 
942 |2 ddc  |c BK  |n 0 
952 |0 0  |1 0  |2 ddc  |4 0  |6 P__29_000000000000000  |7 0  |9 9778  |a VT  |b VT  |d 2025-10-21  |e Deposito Giordano Piccirilli  |i PIC37  |l 0  |o P.29  |p PIC37  |r 2025-10-21 16:59:01  |w 2025-10-21  |y BK  |z Deposito Giordano Piccirilli 
952 |0 0  |1 0  |4 0  |6 DOC_853_920000000000000_PAT  |7 0  |9 19734  |a BO  |b BO  |d 2026-01-15  |i 17383  |l 0  |o DOC 853.92 PAT  |p BO17383  |r 2026-01-15 23:21:01  |w 2026-01-15  |x [Sebina 5] [1 v.]  |y BK  |z 1 v. 
999 |c 8155  |d 8155